<?xml version="1.0" encoding="UTF-8"?>
<record
    xmlns:xsi="http://www.w3.org/2001/XMLSchema-instance"
    xsi:schemaLocation="http://www.loc.gov/MARC21/slim http://www.loc.gov/standards/marcxml/schema/MARC21slim.xsd"
    xmlns="http://www.loc.gov/MARC21/slim">

  <leader>01248    a2200229   4500</leader>
  <controlfield tag="003">NALT</controlfield>
  <controlfield tag="005">20250507105157.0</controlfield>
  <controlfield tag="008">200525b        th ||||| |||| 00| 0 tha d</controlfield>
  <datafield tag="020" ind1=" " ind2=" ">
    <subfield code="a">9786162698415</subfield>
  </datafield>
  <datafield tag="040" ind1=" " ind2=" ">
    <subfield code="a">NALT</subfield>
  </datafield>
  <datafield tag="090" ind1=" " ind2=" ">
    <subfield code="a">KF 41 </subfield>
    <subfield code="b">&#xE04;142&#xE04; 2562</subfield>
  </datafield>
  <datafield tag="100" ind1="0" ind2=" ">
    <subfield code="a">&#xE04;&#xE19;&#xE36;&#xE07; &#xE26;&#xE32;&#xE44;&#xE0A;&#xE22;</subfield>
    <subfield code="9">40487</subfield>
  </datafield>
  <datafield tag="245" ind1="1" ind2="0">
    <subfield code="a">&#xE04;&#xE33;&#xE2D;&#xE18;&#xE34;&#xE1A;&#xE32;&#xE22;&#xE27;&#xE48;&#xE32;&#xE14;&#xE49;&#xE27;&#xE22;&#xE01;&#xE32;&#xE23;&#xE02;&#xE31;&#xE14;&#xE01;&#xE31;&#xE19;&#xE41;&#xE2B;&#xE48;&#xE07;&#xE01;&#xE0E;&#xE2B;&#xE21;&#xE32;&#xE22; :</subfield>
    <subfield code="b">&#xE41;&#xE01;&#xE49;&#xE44;&#xE02;&#xE40;&#xE1E;&#xE34;&#xE48;&#xE21;&#xE40;&#xE15;&#xE34;&#xE21;&#xE08;&#xE32;&#xE01;&#xE04;&#xE33;&#xE2D;&#xE18;&#xE34;&#xE1A;&#xE32;&#xE22;&#xE14;&#xE31;&#xE49;&#xE07;&#xE40;&#xE14;&#xE34;&#xE21; &#xE1E;&#xE23;&#xE49;&#xE2D;&#xE21;&#xE40;&#xE0A;&#xE34;&#xE07;&#xE2D;&#xE23;&#xE23;&#xE16;&#xE40;&#xE01;&#xE35;&#xE48;&#xE22;&#xE27;&#xE01;&#xE31;&#xE1A;&#xE2A;&#xE16;&#xE32;&#xE19;&#xE01;&#xE32;&#xE23;&#xE13;&#xE4C;&#xE1B;&#xE31;&#xE08;&#xE08;&#xE38;&#xE1A;&#xE31;&#xE19; /</subfield>
    <subfield code="c">&#xE04;&#xE19;&#xE36;&#xE07; &#xE26;&#xE32;&#xE44;&#xE0A;&#xE22; ; &#xE27;&#xE34;&#xE17;&#xE22;&#xE32; &#xE1F;&#xE2D;&#xE07;&#xE27;&#xE32;&#xE2A;&#xE19;&#xE32;&#xE2A;&#xE48;&#xE07; &#xE41;&#xE25;&#xE30;&#xE04;&#xE13;&#xE30; &#xE1A;&#xE23;&#xE23;&#xE13;&#xE32;&#xE18;&#xE34;&#xE01;&#xE32;&#xE23;.</subfield>
  </datafield>
  <datafield tag="250" ind1=" " ind2=" ">
    <subfield code="a">&#xE1E;&#xE34;&#xE21;&#xE1E;&#xE4C;&#xE04;&#xE23;&#xE31;&#xE49;&#xE07;&#xE17;&#xE35;&#xE48; 8.</subfield>
  </datafield>
  <datafield tag="260" ind1=" " ind2=" ">
    <subfield code="a">&#xE01;&#xE23;&#xE38;&#xE07;&#xE40;&#xE17;&#xE1E;&#xE2F; :</subfield>
    <subfield code="b">&#xE27;&#xE34;&#xE0D;&#xE0D;&#xE39;&#xE0A;&#xE19;,</subfield>
    <subfield code="c">2562.</subfield>
  </datafield>
  <datafield tag="300" ind1=" " ind2=" ">
    <subfield code="a">240 &#xE2B;&#xE19;&#xE49;&#xE32; :</subfield>
    <subfield code="b">&#xE41;&#xE1C;&#xE19;&#xE1C;&#xE31;&#xE07;;</subfield>
    <subfield code="c">26 &#xE0B;&#xE21;.</subfield>
  </datafield>
  <datafield tag="650" ind1=" " ind2="4">
    <subfield code="9">1609</subfield>
    <subfield code="a">&#xE01;&#xE32;&#xE23;&#xE02;&#xE31;&#xE14;&#xE01;&#xE31;&#xE19;&#xE41;&#xE2B;&#xE48;&#xE07;&#xE01;&#xE0E;&#xE2B;&#xE21;&#xE32;&#xE22;</subfield>
  </datafield>
  <datafield tag="700" ind1="0" ind2=" ">
    <subfield code="a">&#xE27;&#xE34;&#xE17;&#xE22;&#xE32; &#xE1F;&#xE2D;&#xE07;&#xE27;&#xE32;&#xE2A;&#xE19;&#xE32;&#xE2A;&#xE48;&#xE07;</subfield>
    <subfield code="9">45001</subfield>
  </datafield>
  <datafield tag="850" ind1=" " ind2=" ">
    <subfield code="a">NALT</subfield>
  </datafield>
  <datafield tag="942" ind1=" " ind2=" ">
    <subfield code="2">local</subfield>
    <subfield code="c">LB</subfield>
  </datafield>
  <datafield tag="999" ind1=" " ind2=" ">
    <subfield code="c">96856</subfield>
    <subfield code="d">96856</subfield>
  </datafield>
  <datafield tag="998" ind1=" " ind2=" ">
    <subfield code="j">111</subfield>
    <subfield code="k"> &#xE19;&#xE32;&#xE07;&#xE2A;&#xE32;&#xE27;&#xE1E;&#xE08;&#xE1E;&#xE34;&#xE13;  &#xE1E;&#xE23;&#xE21;&#xE40;&#xE2D;&#xE35;&#xE48;&#xE22;&#xE21;</subfield>
  </datafield>
  <datafield tag="952" ind1=" " ind2=" ">
    <subfield code="0">0</subfield>
    <subfield code="1">0</subfield>
    <subfield code="2">local</subfield>
    <subfield code="4">0</subfield>
    <subfield code="7">0</subfield>
    <subfield code="8">CLAW</subfield>
    <subfield code="a">NALT</subfield>
    <subfield code="b">NALT</subfield>
    <subfield code="c">LAW</subfield>
    <subfield code="d">2020-05-21</subfield>
    <subfield code="e">23</subfield>
    <subfield code="l">1</subfield>
    <subfield code="o">KF 41 &#xE04;142&#xE04; 2562</subfield>
    <subfield code="p">3961210487</subfield>
    <subfield code="r">2024-12-16 00:00:00</subfield>
    <subfield code="s">2024-12-09</subfield>
    <subfield code="t">&#xE09;.2</subfield>
    <subfield code="w">2020-05-21</subfield>
    <subfield code="y">LB</subfield>
  </datafield>
  <datafield tag="952" ind1=" " ind2=" ">
    <subfield code="0">0</subfield>
    <subfield code="1">0</subfield>
    <subfield code="2">local</subfield>
    <subfield code="4">0</subfield>
    <subfield code="7">0</subfield>
    <subfield code="8">CLAW</subfield>
    <subfield code="a">NALT</subfield>
    <subfield code="b">NALT</subfield>
    <subfield code="c">LAW</subfield>
    <subfield code="d">2020-05-21</subfield>
    <subfield code="e">23</subfield>
    <subfield code="l">8</subfield>
    <subfield code="m">4</subfield>
    <subfield code="o">KF 41 &#xE04;142&#xE04; 2562</subfield>
    <subfield code="p">3961210455</subfield>
    <subfield code="r">2025-05-26 00:00:00</subfield>
    <subfield code="s">2025-05-07</subfield>
    <subfield code="t">&#xE09;.1</subfield>
    <subfield code="w">2020-05-21</subfield>
    <subfield code="y">LB</subfield>
  </datafield>
</record>
